ਦਰਦ ਕਾ ਤਰਜੁਮਾ / (Record no. 110234)
[ view plain ]
| 000 -LEADER | |
|---|---|
| fixed length control field | 01033nam a22002657a 4500 |
| 005 - DATE AND TIME OF LATEST TRANSACTION | |
| control field | 20170123164149.0 |
| 010 ## - LIBRARY OF CONGRESS CONTROL NUMBER | |
| LC control number | A-981420 |
| 020 ## - INTERNATIONAL STANDARD BOOK NUMBER | |
| Terms of availability | 90.00 |
| 035 ## - SYSTEM CONTROL NUMBER | |
| System control number | A-981420 |
| 037 ## - SOURCE OF ACQUISITION | |
| Source of stock number/acquisition | Cen Lib / Ret |
| 040 ## - CATALOGING SOURCE | |
| Original cataloging agency | DPL |
| Language of cataloging | PN |
| 082 ## - DEWEY DECIMAL CLASSIFICATION NUMBER | |
| Classification number | 851 |
| Item number | ਸਰਦਾ |
| 100 ## - MAIN ENTRY--PERSONAL NAME | |
| Personal name | ਸਰਦਾਰ ਪੰਛੀ |
| 9 (RLIN) | 125123 |
| 245 ## - TITLE STATEMENT | |
| Title | ਦਰਦ ਕਾ ਤਰਜੁਮਾ / |
| Statement of responsibility, etc | ਸਰਦਾਰ ਪੰਛੀ |
| 246 ## - VARYING FORM OF TITLE | |
| Title proper/short title | Dard ka tarjuma / |
| Remainder of title | by Sardar Panchhi |
| 260 ## - PUBLICATION, DISTRIBUTION, ETC. (IMPRINT) | |
| Place of publication, distribution, etc | ਅੰਮ੍ਰਿਤਸਰ |
| Name of publisher, distributor, etc | ਲੇਕ ਸਾਹਿਤ ਪ੍ਰਕਾਸ਼ਨ |
| Date of publication, distribution, etc | 1999 |
| 270 ## - ADDRESS | |
| Address | 186, ਗੀ੍ਲ ਔਵੀਨਿਊ |
| City | ਅੰਮ੍ਰਿਤਸਰ |
| 300 ## - PHYSICAL DESCRIPTION | |
| Extent | 95p. |
| Dimensions | 22cm(Hb) |
| 650 ## - SUBJECT ADDED ENTRY--TOPICAL TERM | |
| Topical term or geographic name as entry element | ਪੰਜਾਬੀ -- ਸਾਹਿਤ |
| 9 (RLIN) | 125124 |
| 650 ## - SUBJECT ADDED ENTRY--TOPICAL TERM | |
| Topical term or geographic name as entry element | ਪੰਜਾਬੀ ਕਵਿਤਾਵਾਂ |
| 9 (RLIN) | 125125 |
| 650 ## - SUBJECT ADDED ENTRY--TOPICAL TERM | |
| Topical term or geographic name as entry element | Literature -- Punjabi |
| 9 (RLIN) | 125126 |
| 650 ## - SUBJECT ADDED ENTRY--TOPICAL TERM | |
| Topical term or geographic name as entry element | Punjabi Poetry |
| 9 (RLIN) | 125127 |
| 700 ## - ADDED ENTRY--PERSONAL NAME | |
| Personal name | ਸੰਪਾਦਕ ਗੁਰਬਚਨ ਸਿੰੰਘ ਭੁੱਲਰ |
| 9 (RLIN) | 1256 |
| 942 ## - ADDED ENTRY ELEMENTS (KOHA) | |
| Source of classification or shelving scheme | Dewey Decimal Classification |
| Koha item type | Punjabi Bks |
| Classification part | 851 |
| Call number suffix | ਸਰਦਾ |
| Withdrawn status | Lost status | Damaged status | Not for loan | Home library | Current library | Date acquired | Source of acquisition | Cost, normal purchase price | Total Checkouts | Full call number | Barcode | Date last seen | Copy number | Cost, replacement price | Price effective from | Koha item type |
|---|---|---|---|---|---|---|---|---|---|---|---|---|---|---|---|---|
| Central Library | Central Library | 16/01/2016 | Cen Lib/Ret | 90.00 | 851 ਸਰਦਾ | A-981420 | 16/01/2016 | 1 | 90.00 | 16/01/2016 | Punjabi Bks |
